THE CASE OF THE VELVET CLAWS ( THE FIRST PERRY MASON MYSTERY) (Record no. 380773)

MARC details
000 -LEADER
fixed length control field 00478nam a2200145Ia 4500
008 - FIXED-LENGTH DATA ELEMENTS--GENERAL INFORMATION
fixed length control field 100122s9999 xx 000 0 und d
082 ## - DEWEY DECIMAL CLASSIFICATION NUMBER
Item number 67104
Classification number 823
100 ## - MAIN ENTRY--PERSONAL NAME
Personal name GARDNER E S
245 ## - TITLE STATEMENT
Title THE CASE OF THE VELVET CLAWS ( THE FIRST PERRY MASON MYSTERY)
260 ## - PUBLICATION, DISTRIBUTION, ETC. (IMPRINT)
Name of publisher, distributor, etc BALLANINE BOOKS
Date of publication, distribution, etc 1985
300 ## - PHYSICAL DESCRIPTION
Extent 215
630 ## - SUBJECT ADDED ENTRY--UNIFORM TITLE
Uniform title THE CASE OF THE VELVET CLAWS ( THE FIRST PERRY MASON MYSTERY)
730 ## - ADDED ENTRY--UNIFORM TITLE
Uniform title THE CASE OF THE VELVET CLAWS ( THE FIRST PERRY MASON MYSTERY)
942 ## - ADDED ENTRY ELEMENTS (KOHA)
Koha item type Book
Holdings
Withdrawn status Lost status Damaged status Not for loan Home library Current library Date acquired Cost, normal purchase price Total Checkouts Full call number Barcode Date last seen Cost, replacement price Price effective from Koha item type Public note
        S.V. Pathak Library, Vile Parle S.V. Pathak Library, Vile Parle 03/20/2005 70.00   67104 SVPPARLE-67104 01/25/2010 70.00 01/25/2010 Book ", , General, NA"